| 000 | 00500 a2200169 4500 | ||
|---|---|---|---|
| 003 | OSt | ||
| 005 | 20230929113837.0 | ||
| 008 | 230929b |||||||| |||| 00| 0 eng d | ||
| 020 | _a9781032332284 | ||
| 040 | _coclc | ||
| 082 |
_a500 _bNAR/S |
||
| 100 |
_aNarlikar, Jayant Vishnu _9370 |
||
| 245 |
_aSCIENCE AND MATHEMATICS FROM PRIMITIVE TO MODERN TIMES / _cJayant V Narlikar |
||
| 260 |
_bRoutledge, _c2022. |
||
| 300 | _a176 p | ||
| 942 |
_2ddc _cBK _h500 _iNAR/S _k500 _mNAR/S |
||
| 999 |
_c42396 _d42396 |
||